| 000 | 00613nam a22002177a 4500 | ||
|---|---|---|---|
| 005 | 20171103105428.0 | ||
| 008 | 171103b xxu||||| |||| 00| 0 spa d | ||
| 041 | _aspa | ||
| 082 | _a1.4.16 L585a | ||
| 100 |
_aLeonie Comblence, Lambetime _944517 |
||
| 245 | _aAlimentos y bebidas:higiene, manejo y preparación | ||
| 260 | _aMéxico | ||
| 260 | _bContinental | ||
| 260 | _c1999 | ||
| 650 |
_aPREPARACIÓN DE ALIMENTOS Y BEBIDAS _910601 |
||
| 650 |
_aRESTAURANTES _91700 |
||
| 650 |
_aHIGIENE _912692 |
||
| 650 |
_aMANEJO DE ALIMENTOS _926150 |
||
| 650 |
_aPREPARACIÓN DE ALIMENTOS _924999 |
||
| 942 | _cBK | ||
| 999 |
_c9946 _d9946 |
||